000 07623namaa22004571i 4500
003 EG-GICUC
005 20260420145121.0
008 260420s2025 ua a|||frm||| 000 0 eng d
040 _aEG-GICUC
_beng
_cEG-GICUC
_dEG-GICUC
_erda
041 0 _aeng
_beng
_bara
049 _aDeposit
082 0 4 _a617.98
092 _a617.98
_221
097 _aPh.D
099 _aCai01.11.14.Ph.D.2025.Ah.D
100 0 _aAhmed Mohamed Elsoudy Eid Mahmoud,
_epreparation.
245 1 0 _aDevelopment of a standardised feeding protocol to address variability in management post repair of gastrosghisis in a low resource setting /
_cby Ahmed Mohamed Elsoudy Eid Mahmoud ; Supervisors Prof.Dr. Omar Mohamed Mansour Soliman, Prof.Dr. Aly Ibrahim Shalaby, Prof.Dr. Ahmed Abdelfattah Abdelfattah Elshamy, Dr. Eman Mahmoud Metwalli.
246 1 5 _aمعايرة بروتوكول لتغذية حالات ما بعد اصلاح انشقاق جدار البطن الأمامي في الدول الناميه
264 0 _c2025.
300 _a75 pages :
_billustrations ;
_c25 cm. +
_eCD.
336 _atext
_2rda content
337 _aUnmediated
_2rdamedia
338 _avolume
_2rdacarrier
502 _aThesis (Ph.D)-Cairo University, 2025.
504 _aBibliography: pages 59-70.
520 3 _aIntroduction: Gastroschisis (GS) is a congenital anomaly that requires surgical repair, often resulting in significant morbidity and mortality. Postoperative feeding protocols play a crucial role in determining outcomes. we implemented a standardized feeding protocol for infants post-gastroschisis repair at our institution Objectives: To initiate and establish a Standardized feeding protocol that involves gradual introduction of enteral feeds, with close monitoring of tolerance and adjustment of feeding volumes and rates as needed, which improve feeding tolerance, reduce TPN use, and shorten length of stay. Method: we prospectively reviewed the outcomes of infants who underwent gastroschisis repair and received the standardized feeding protocol. Results: 25 cases of GS were included, Simple GS were 21/25 cases (84%) with a mortality of 14/21 (66%), while complex GS were 4/25 cases (16%) with a mortality of 3/4 (75%). Eight cases (32%) were discharged from the unit alive, while seventeen cases (68%) died. Conclusion: A standardized feeding protocol minimized variability in practice, facilitated earlier achievement of full enteral feeding, and reduced the risks associated with prolonged parenteral nutrition. Importantly, the high level of nurse satisfaction reflected the simplicity, clarity, and safety of the protocol in daily practice.
520 3 _aتمثل حالات الإنشقاق الخلقي بجدار البطن الأمامي تحديا معقدا علي مستوي الجراحة والتغذية في رعاية حديثي الولادة خاصة في الدول محدودة ومتوسطة الدخل والتي تعيق مواردها المحدودة الحالات الإكلينيكية المعقدة . بعد الاصلاح الجراحي لهذة الحالات يعتبر عدم استجابة الحالات للتغذية الفمويه والاعتماد المطول علي التغذية الوريدية سبب رئيسي لطول فترة الإقامة بالمستشفي مما استلزم وجود دراسة قائمة علي الدليل لمناجزة التغذية لهذه الحالات . وقد قيمت هذة الدراسة المستقبلية الجماعية فاعلية وتأثير بروتوكول التغذية المنظم لعدد خمسة وعشرون حالة تعاني من الإنشقاق الخلقي بجدار البطن الأمامي في مستشفي الأطفال التخصصي بجامعة القاهرة علي مدار خمسة عشر شهرا . وأبرز هذا البروتوكول عدة نقاط , إدخال تدريجي للتغذية عن طريق الفم , تفضيل لبن الأم , زياده ممنهجه للتغذية , التعاون بين كافة التخصصات للفريق الطبي . أوضحت النتائج الأولية نجاح تطبيق البروتوكول بمستوي إرضاء عالي بين فرق التمريض بنسبة (87.5%) وأقروا بسهولة تطبيقة مما يدل علي جدواه عمليا وقبولة من الطاقم الطبي . أوضحت النتائج الثانويه بأن متوسط عدد الأيام اللازمه لبدء التغذية بعد الجراحة كانت 11.75 يوم وعدد الأيام اللازمة للوصول التغذية الكاملة عن طريق الفم كانت 10.38 يوم بين الناجين مما يمثل أفضلية مقارنة بالنتائج المنشورة والتي أقرت فترة 14.21 يوم لبدء التغذية . خلصت الدراسة إلي أن وجود توصيات منظمة للتغذية تساعد علي وجود استمرارية من الناحية العملية وتساعد علي الزيادة الممنهجة في التغذية وتؤزر كفائة العمل الجماعي . أوضح هذا البروتوكول معاير واضحه لاتخاذ القرار وأكد علي متابعة الإستجابة للتغذيه واعطاء نمط يمكن تطبيقة لمناجزة تحديات التغذية المصاحبة لرعاية حالات الإنشقاق الخلقي بجدار البطن الأمامي . وبالرغم من أن النسبة العامة للناجين تمثل 32% في هذة الإمكانيات المحدوده تظل هذه النتائج أقل بكثير من متوسط النسب في الاوساط ذات الدخل العالي حيث تقترب نسبة الناجيين من 100% . أكدت هذة النتائج علي أن بروتوكول التغذيه يمثل أداه قيمة لتحسين النتائج ولكن الرعاية الشاملة لهذه الحالات تتطلب وجود عوامل رئيسية أخري أوسع وأشمل مثل توقيت نقل الحالات , تطبيق سياسات مكافحة العدوي, والتنسيق بين الفرق الطبيه المختلفة . يوضح هذا البحث أن توصيات التغذيه القائمه علي الدليل تمثل تدخل يمكن تطبيقه مما يؤدي إلي تحسين مستوي الخدمة وبالتالي تقليل فترة التغذية وتحسين مستوي الرضا لدي الفريق الطبي . هذه النتائج تدعم التطويرالمستمر وتطبيق بروتوكولات تغذيه منظمه كعنصر أساسي في المناجزه الشامله لهذه الحالات في الأوساط محدوده الدخل.
530 _aIssues also as CD.
546 _aText in English and abstract in Arabic & English.
650 0 _aPediatric Surgery
650 0 _aجراحه الاطفال
653 1 _aGastroschisis
_aFeeding protocol
_aNursing questionnaire
_ainfant nutrition
_aquality improvemen
700 0 _aOmar Mohamed Mansour Soliman
_ethesis advisor.
700 0 _aAly Ibrahim Shalaby
_ethesis advisor.
700 0 _aAhmed Abdelfattah Abdelfattah Elshamy
_ethesis advisor.
700 0 _aEman Mahmoud Metwalli
_ethesis advisor.
900 _b01-01-2025
_cOmar Mohamed Mansour Soliman
_cAly Ibrahim Shalaby
_cAhmed Abdelfattah Abdelfattah Elshamy
_cEman Mahmoud Metwalli
_UCairo University
_FFaculty of Medicine
_DDepartment of Pediatric Surgery
905 _aShimaa
942 _2ddc
_cTH
_e21
_n0
999 _c179622